| 000 | 00383nam a2200097Ia 4500 | ||
|---|---|---|---|
| 008 | 180130s9999 xx 000 0 und d | ||
| 245 |
_cWang, Feng (Prof.); Zhang, Gang, Ph.D _aProject evaluation, auditing and project termination |
||
| 260 | _c2015 | ||
| 300 | _aBook title: Strategic planning for project management--Acession number C20548; pages 139-172 | ||
| 650 | _aPROJECT MANAGEMENT | ||
| 999 |
_c354453 _d354453 |
||